000 02072cam a22005054i 4500
003 PE-LiUPU
005 20250731165531.0
008 150623s r 000 0 d
035 _a(Sirsi) a29782
035 _a(Sirsi) a29782
040 _aPE-LiUPU
_bspa
_cPE-LiUPU
_erda
100 1 _aAlbarrán Melgarejo, Américo,
_eautor.
245 1 0 _aDiccionario del ambiente en que vivimos /
_cAméricoAlbarrán Melgarejo.
264 1 _aLima, Perú :
_bUniversidad Femenina del Sagrado Corazón, Are de Investigación,
_c1990.
300 _a228 páginas ;
_c24 cm.
336 _atext
_2rdacontent
337 _aunmediated
_2rdamedia
338 _avolume
_2rdacarrier
504 _aIncluye bibliografía.
505 0 _aA - Z.
526 _aSEG44
526 _aSEG26
526 _aP151
526 _aP150
526 _aP149
526 _aP146
526 _aP145
526 _aP126
526 _aP125
526 _aP92
526 _aP75
526 _aP74
526 _aP27
526 _aP15
650 0 4 _aMedio ambiente
_xDiccionarios.
942 _2ddc
_cBOOK
949 _aRC 304.203 A34
_wDEWEY
_c1
_i32048
_lRC
_mBUL
_r0
_sY
_tBOOK
_u2015-6-24
_xBIBLIOTECA
_zUNKNOWN
_0COMPRA
_o.CIRCNOTE. No olvidar cambiar la fecha de devolución!!!!!!!
_o.STAFF. Colección General
949 _aRC 304.203 A34
_wDEWEY
_c2
_i32047
_lRC
_mBUL
_p3.00
_r0
_sY
_tBOOK
_u2015-6-24
_xBIBLIOTECA
_zUNKNOWN
_0COMPRA
_o.CIRCNOTE. No olvidar cambiar la fecha de devolución!!!!!!!
_o.STAFF. Colección General
994 _aC0
_bPEPRU
596 _a1
999 _aRC 304.203 A34
_wDEWEY
_c37169
_i32048
_f2021-11-8
_g4
_lRCG
_mBUL
_r1
_sY
_tBOOK
_u2015-6-24
_xBIBLIOTECA
_zUNKNOWN
_0COMPRA
_o.CIRCNOTE. No olvidar cambiar la fecha de devolución!!!!!!!
_o.STAFF. Colección General
_d37169
999 _aRC 304.203 A34
_wDEWEY
_c2
_i32047
_f2021-11-8
_g5
_lRCG
_mBUL
_p3.00
_r1
_sY
_tBOOK
_u2015-6-24
_xBIBLIOTECA
_zUNKNOWN
_0COMPRA
_o.CIRCNOTE. No olvidar cambiar la fecha de devolución!!!!!!!
_o.STAFF. Colección General
980 _81
_gALBERTO SANCHEZ Responsable de Automatización